Größte Städte der Welt nach Buchstabe - G - Extrem - Statistiken

Allgemein
  • Dieses Quiz wurde 65 mal gespielt
  • Das Durchschnittsergebnis liegt bei 7 aus 18
Antwortstatistiken
Einwohner Land Stadt % Korrekt
3.35 Mio. Guatemala Guatemala-Stadt
96%
70.1 Mio. China Guangzhou
92%
5.85 Mio. Mexiko Guadalajara
91%
1.70 Mio. Großbritannien Glasgow
87%
3.30 Mio. Ecuador Guayaquil
57%
2.05 Mio. Malaysia George Town
43%
1.72 Mio. Türkei Gaziantep
40%
2.45 Mio. Brasilien Goiânia
36%
5.05 Mio. China Guiyang
30%
2.075 Mio. China Ganzhou
23%
1.17 Mio. USA Greensboro
23%
1.42 Mio. Iran Ghom
19%
1.76 Mio. China Guilin
13%
3.15 Mio. Pakistan Gujranwala
13%
1.63 Mio. Südkorea Gwangju
11%
1.54 Mio. Indien Gwalior
6%
1.22 Mio. Indien Gauhati
0%
1.02 Mio. China Guìgăng
0%
Keine übereinstimmenden Quizze gefunden
Verteilung der Resultate
Anzahl Personen mit jedem Resultat
Perzentil nach korrekt beantworteten Fragen
Ihre Resultats-Entwicklung
Sie haben dieses Quiz noch nicht gespielt